000 00805cab a2200265 4500
001 ABS54395
008 090401t1996 xxu||||| |||| 00| 0 eng d
035 _a(Sirsi) u10099
041 _aeng
100 _aEdwards, M.
245 _aConduct of planning inquiries
260 _c1996
350 _a0
490 _aEstates Gazette
_v(9603) 20 January 1996, 120-121(2)
520 _aCalls for a review of planning inquiries procedure, after the decision in the European Court of Human Rights, "Bryan v United Kingdom"
650 _aBRYAN V UK
650 _aEUROPEAN COURT
650 _aINFRINGEMENT OF HUMAN RIGHTS
650 _aPLANNING APPEAL PROCEDURES
650 _aPLANNING INQUIRIES
690 _aPLANNING LAW AND PRACTICE
700 _aMartin, J.
942 _n0
948 _c04/03/1997
999 _c6346
_d6346